000
00348nam a2200145Ia 4500
008
231217s9999 xx 000 0 und d
041
_a
English
082
_a
001.6424JAV HAN `R'
100
_a
Hanna, Phil
245
0
_a
Instant Java Servlets
260
_c
1999
_b
New Delhi : TMH,
300
_a
xi+820
650
_a
Java servlets
942
_c
AA
999
_c
167415
_d
167415